00785nam a2200205 a 450000100100000000500170001000800410002702000150006804000130008308200150009610000390011124501040015026000730025430000270032750000310035470000520038504900090043795201180044699900150056400000544320200929151700.0090819s1988 es a 001 spa d a8400067274 aDO-SdBNP axxxbB642v1 aBlanco de Pablos, Aureliano91546310aAvances sobre la investigación en bioclimatología / :bAureliano Blanco de Pablos; coordinador. aMadrid, :bConsejo Superior de Investigaciones Científicas,c1988. a505 p. :bil ;c25 cm. aIncluye tabla de contenido1 aBlanco de Pablos, Aurelianoecoordinador915463 aBNPD 001054708MOaGRbGRcCTd2009-08-19iLF1l0oxxx B642vp5443-10r2020-06-25w2020-06-25y4ZPréstamo en sala c5243d5243